| 000 | 00555nam a22001697a 4500 | ||
|---|---|---|---|
| 999 |
_c8540 _d8540 |
||
| 008 | 201202b ||||| |||| 00| 0 eng d | ||
| 040 | _aBMS College of Architecture | ||
| 100 | _aB T, Monish | ||
| 245 | _aArchitectural Innovation centre to create and exhibit | ||
| 300 | _av,45p. | ||
| 500 | _a1BM13AT039 | ||
| 502 |
_8B,Arch _NBMS College of Architecture, Visvesvaraya Technological University (VTU) _aProject report _d2017 |
||
| 650 | _aInnovation centre | ||
| 700 |
_aBhagyalaxmi Madapur _eGuide |
||
| 700 |
_aSwetha Gowri _eGuide |
||
| 942 |
_2ddc _cTHE |
||